Statistics for Harry Potter Professor Name Unscramble - First Names

Click here to take the quiz!

General Stats

  • This quiz has been taken 92 times
  • The average score is 9 of 12

Answer Stats

ScrambledUnscrambled% Correct
resvuseSeverus
94%
pypopPoppy
91%
ibylslSybill
90%
buslaAlbus
83%
umserRemus
81%
lusifiFilius
78%
vranimeMinerva
75%
roigIgor
60%
edyoligrGilderoy
59%
orlastaAlastor
58%
bursueRubeus
54%
epylomOlympe
35%

Score Distribution

Percentile by Number Answered

Percent of People with Each Score

Your Score History

You have not taken this quiz